Visualizzazione normale
Vista MARC
- Forum ANIA-Consumatori
di Personal Name
Records bibliografici associati: 1
001 - CONTROL NUMBER
- control field: 56136
003 - CONTROL NUMBER IDENTIFIER
- control field: IT-RoPau
005 - DATE AND TIME OF LATEST TRANSACTION
- control field: 20170123143317.0
008 - FIXED-LENGTH DATA ELEMENTS
- fixed length control field: 170123|| aca||aabn | a|a d
040 ## - CATALOGING SOURCE
- Original cataloging agency: IT-RoPau
- Transcribing agency: IT-RoPau
100 ## - HEADING--PERSONAL NAME
- Personal name: Forum ANIA-Consumatori
670 ## - SOURCE DATA FOUND
- Source citation: Work cat.: (IT-RoPau): Forum ANIA-Consumatori, La vulnerabilità economica delle famiglie italiane, 2016